Mémoires d'Etat /
Saved in:
| Main Author: | |
|---|---|
| Format: | Book |
| Language: | French |
| Published: |
Paris :
Lafon,
c1998.
|
| Subjects: | |
| Tags: |
Add Tag
No Tags, Be the first to tag this record!
|
| LEADER | 00799nam a2200277 a 4500 | ||
|---|---|---|---|
| 001 | 007774663-5 | ||
| 005 | 20091201190045.0 | ||
| 008 | 980515m19989999fr 000 0afre | ||
| 010 | |a 98151173 | ||
| 020 | |a 2840983605 | ||
| 035 | 0 | |a ocm39187410 | |
| 040 | |a DLC |c DLC | ||
| 043 | |a e-fr--- | ||
| 050 | 0 | 0 | |a DC419.P76 |b A3 1998 |
| 072 | 7 | |a JN |2 lcco | |
| 082 | 0 | 0 | |a 363.2/8 |a B |2 21 |
| 100 | 1 | |a Prouteau, Christian. | |
| 245 | 1 | 0 | |a Mémoires d'Etat / |c Christian Prouteau. |
| 260 | |a Paris : |b Lafon, |c c1998. | ||
| 300 | |a v. ; |c 24 cm. | ||
| 600 | 1 | 0 | |a Prouteau, Christian. |
| 600 | 1 | 0 | |a Mitterrand, François, |d 1916-1996 |x Friends and associates. |
| 650 | 0 | |a Secret service |x Officials and employees |z France |v Biography. | |
| 650 | 0 | |a Presidents |x Protection |z France. | |
| 988 | |a 20020608 | ||
| 906 | |0 DLC | ||


